<?xml version="1.0" encoding="UTF-8"?>
<record
    xmlns:xsi="http://www.w3.org/2001/XMLSchema-instance"
    xsi:schemaLocation="http://www.loc.gov/MARC21/slim http://www.loc.gov/standards/marcxml/schema/MARC21slim.xsd"
    xmlns="http://www.loc.gov/MARC21/slim">

  <leader>01511nam a2200301 a 4500</leader>
  <controlfield tag="001">BRCA_8665</controlfield>
  <controlfield tag="005">20190320210349.0</controlfield>
  <controlfield tag="008">021216s1799----it-#######---#000-0#lat-#</controlfield>
  <datafield tag="041" ind1=" " ind2=" ">
    <subfield code="a">lat</subfield>
  </datafield>
  <datafield tag="044" ind1=" " ind2=" ">
    <subfield code="a">it</subfield>
  </datafield>
  <datafield tag="050" ind1=" " ind2="4">
    <subfield code="a">BV169</subfield>
    <subfield code="b">.S23</subfield>
    <subfield code="c">177-?</subfield>
  </datafield>
  <datafield tag="245" ind1="1" ind2="0">
    <subfield code="a">Sabbato ante dominicas primas adventus ad magnificat.</subfield>
  </datafield>
  <datafield tag="260" ind1=" " ind2=" ">
    <subfield code="a">[s.l.]</subfield>
    <subfield code="b">[s.i.]</subfield>
    <subfield code="c">177-?</subfield>
  </datafield>
  <datafield tag="300" ind1=" " ind2=" ">
    <subfield code="a">T.V, cxij p.</subfield>
    <subfield code="c">64 cm</subfield>
  </datafield>
  <datafield tag="500" ind1=" " ind2=" ">
    <subfield code="a">Fondo antiguo</subfield>
  </datafield>
  <datafield tag="500" ind1=" " ind2=" ">
    <subfield code="a">Se encuentra en Caja Fuerte</subfield>
  </datafield>
  <datafield tag="500" ind1=" " ind2=" ">
    <subfield code="a">W-24</subfield>
  </datafield>
  <datafield tag="500" ind1=" " ind2=" ">
    <subfield code="a">Libro de coro con letras capitulares en tinta roja</subfield>
  </datafield>
  <datafield tag="500" ind1=" " ind2=" ">
    <subfield code="a">Contiene pentagramas musicales</subfield>
  </datafield>
  <datafield tag="500" ind1=" " ind2=" ">
    <subfield code="a">Nota de encuadernaci&#xF3;n: Madera sobre piel, con aplicaciones de oro en las esquinas una de ellas esta incompleta, bronches de piel con herrajes de oro</subfield>
  </datafield>
  <datafield tag="500" ind1=" " ind2=" ">
    <subfield code="a">Estado f&#xED;sico: Algunas de las p&#xE1;ginas del documento se encuentran reparadas con una peque&#xF1;a costura</subfield>
  </datafield>
  <datafield tag="505" ind1="0" ind2=" ">
    <subfield code="a">Libro quinto que contiene las antifonias de las ferias, Dominicas de adviento y quaresma y Dominicas infraoctavas, hasta la feria quinta en cena domini, tambi&#xE9;n contiene todos los maytines de navidad seguidos con las antifonias de Laudes de la vigilia.-- Las visperas de San Esteban Pronto martir.-- Las de San Juan Apostol.-- Las de los santos inocentes.</subfield>
  </datafield>
  <datafield tag="506" ind1="0" ind2=" ">
    <subfield code="a">Fondo reservado: para su consulta es necesario credencial de usuario y carta de motivos</subfield>
  </datafield>
  <datafield tag="650" ind1="1" ind2="4">
    <subfield code="a">Iglesia cat&#xF3;lica</subfield>
    <subfield code="e">Liturgia</subfield>
    <subfield code="v">Manuscritos</subfield>
    <subfield code="9">21622</subfield>
  </datafield>
  <datafield tag="650" ind1="1" ind2="4">
    <subfield code="a">Libros de coro</subfield>
    <subfield code="e">Iglesia cat&#xF3;lica</subfield>
    <subfield code="9">21623</subfield>
  </datafield>
  <datafield tag="902" ind1=" " ind2=" ">
    <subfield code="a">LAR</subfield>
  </datafield>
  <datafield tag="942" ind1=" " ind2=" ">
    <subfield code="2">lcc</subfield>
    <subfield code="c">B</subfield>
  </datafield>
  <datafield tag="999" ind1=" " ind2=" ">
    <subfield code="c">8324</subfield>
    <subfield code="d">8324</subfield>
  </datafield>
  <datafield tag="952" ind1=" " ind2=" ">
    <subfield code="0">0</subfield>
    <subfield code="1">0</subfield>
    <subfield code="4">0</subfield>
    <subfield code="7">0</subfield>
    <subfield code="a">BRCA</subfield>
    <subfield code="b">BRCA</subfield>
    <subfield code="d">2016-12-02</subfield>
    <subfield code="i">W-24</subfield>
    <subfield code="l">0</subfield>
    <subfield code="o">BV169 .S23 177-? (W-24)</subfield>
    <subfield code="p">LAR00164</subfield>
    <subfield code="r">2019-03-22 00:00:00</subfield>
    <subfield code="w">2019-03-22</subfield>
    <subfield code="y">B</subfield>
  </datafield>
</record>
